ARRUPE JESUIT UNIVERSITY

CORONAVIRUS -STOP THE SPREAD - CLEAN,DISINFECT,COVER

Politics in Rhodesia; (Record no. 118046)

MARC details
000 -LEADER
fixed length control field 00851cam a2200265 4500
001 - CONTROL NUMBER
control field 2669681
003 - CONTROL NUMBER IDENTIFIER
control field ARRUPE
005 - DATE AND TIME OF LATEST TRANSACTION
control field 20130925145723.0
008 - FIXED-LENGTH DATA ELEMENTS--GENERAL INFORMATION
fixed length control field 731023s1973 maua b 001 0 eng
010 ## - LIBRARY OF CONGRESS CONTROL NUMBER
LC control number 73075057
020 ## - INTERNATIONAL STANDARD BOOK NUMBER
International Standard Book Number 0674687868
040 ## - CATALOGING SOURCE
Original cataloging agency DLC
Transcribing agency DLC
Modifying agency DLC
043 ## - GEOGRAPHIC AREA CODE
Geographic area code f-rh---
050 00 - LIBRARY OF CONGRESS CALL NUMBER
Classification number DT962.75
Item number .B68
300 ## - PHYSICAL DESCRIPTION
Other physical details illus.
Dimensions 25 cm.
100 1# - MAIN ENTRY--PERSONAL NAME
Personal name Bowman, Larry W.
9 (RLIN) 1268
245 10 - TITLE STATEMENT
Title Politics in Rhodesia;
Remainder of title white power in an African state
Statement of responsibility, etc [by] Larry W. Bowman.
260 ## - PUBLICATION, DISTRIBUTION, ETC. (IMPRINT)
Place of publication, distribution, etc Cambridge, Mass.,
Name of publisher, distributor, etc Harvard University Press,
Date of publication, distribution, etc 1973.
300 ## - PHYSICAL DESCRIPTION
Extent viii, 206 p.
504 ## - BIBLIOGRAPHY, ETC. NOTE
Bibliography, etc Bibliography: p. 191-200.
651 #0 - SUBJECT ADDED ENTRY--GEOGRAPHIC NAME
Geographic name Zimbabwe
General subdivision Politics and government
Chronological subdivision 1965-1979.
9 (RLIN) 1269
651 #0 - SUBJECT ADDED ENTRY--GEOGRAPHIC NAME
Geographic name Rhodesia
9 (RLIN) 1270
651 #0 - SUBJECT ADDED ENTRY--GEOGRAPHIC NAME
Geographic name Zimbabwe
General subdivision Politics and government.
9 (RLIN) 1271
906 ## - LOCAL DATA ELEMENT F, LDF (RLIN)
a 7
b cbc
c orignew
d 2
e opcn
f 19
g y-gencatlg
942 ## - ADDED ENTRY ELEMENTS (KOHA)
Source of classification or shelving scheme Library of Congress Classification
Koha item type Monograph ( Printed materials)
Holdings
Withdrawn status Lost status Source of classification or shelving scheme Damaged status Not for loan Home library Current library Shelving location Date acquired Total Checkouts Full call number Barcode Date last seen Price effective from Koha item type
    Library of Congress Classification     ARRUPE LIBRARY ARRUPE LIBRARY Main Collection 25/09/2013   DT962.75 .B68 46409781 07/12/2017 25/09/2013 Monograph ( Printed materials)

 

Arrupe Library. PO Box MP320 Mt Pleasant, Harare, Zimbabwe
263 242 745411|librarian@aju.ac.zw